3-D Multiple Choice Quiz Stats

Quiz Updated Oct 29, 2017

Also try: Pick My Album 'R'
Challenge
Share
Tweet
Embed
Score 0/18 Timer 06:00
3 Plays Today
Question Answer Wrong Answers
*TELEVISION*
Comedy-drama-mystery series starring Teri Hatcher & Eva Longoria:
_________ Housewives
Desperate
98.5%
Disparate
0.8%
Delaware
0.4%
Dancing
0.3%
*HOLIDAY*
1941 carol written by Katherine Kennicott Davis:
Little _______ Boy
Drummer
95.1%
Drama
0.7%
Dumber
0.6%
Dagger
0.4%
*LANGUAGE*
Fanciful word originating in 1834, meaning
to confuse, fluster, or perturb someone
Discombobulate
91.7%
Decontaminate
0.9%
Dismemberment
1.7%
Dénouement
3%
*TELEVISION*
Sitcom starring Jenna Elfman and Thomas Gibson:
______ and Greg
Dharma
85.5%
Dolly
5.5%
Donald
2.1%
Diana
6.3%
*GEOGRAPHY*
Country with such cities as
Aalborg, Odense, & Randers
Denmark
85%
Dominica
3.9%
DRC
4.4%
Dominican Republic
4.7%
*SCIENCE*
A semiconductor device with two terminals
typically allowing the flow of current in one direction only
Diode
82.8%
Doodad
1.1%
Dyad
3.3%
Ductor
9.1%
*HOLIDAY*
Hindu festival of lights celebrated annually in autumn,
signifying the victory of light over darkness
Diwali
81.9%
Durga Puja
7.6%
Deliverance
1.3%
Duanwu
5.7%
*GEOGRAPHY*
Country with such cities as
Dikhil, Ali Sabieh, & Tadjoura
Djibouti
79.8%
Dominica
2.9%
Denmark
1.3%
DRC
13.4%
*TELEVISION*
American reality tv series that debuted in 2011 featuring Abby Lee Miller:
_____ Moms
Dance
79.3%
Devil
4.8%
Drag
4.9%
Devious
9.9%
*HOLIDAY*
‘Habichuelas con dulce’ is a
popular Easter dish from this country
Dominican Republic
72.5%
Dominica
13.5%
Denmark
6.7%
Djibouti
3.6%
*LANGUAGE*
Official language of
Suriname & Aruba
Dutch
68%
Dakhini
17.9%
Danish
7.6%
Dungan
3.5%
*SCIENCE*
An extension of a nerve cell which transmits impulses to the cell body;
a crystal or crystalline mass with a branching, tree-like structure.
Dendrite
64.8%
Devic
1.7%
Danglion
20.3%
Desmosome
9.3%
*LANGUAGE*
Term indicating location and showing singular or plural:
_____________ pronoun
Demonstrative
61.2%
Diacritical
6.2%
Determiner
23.2%
Declension
6.1%
*SCIENCE*
Mineral composed of carbonate of calcium
and magnesium carbonate
Dolomite
58.4%
Dacite
12.2%
Diorite
11.7%
Dynamite
13.5%
*ENTERTAINMENT*
DC Comics fictional character, secret identity
of Amazonian superheroine Wonder Woman
Diana Prince
57.9%
Dana Price
8.8%
Diana Price
22.3%
Dana Prince
6.8%
*GEOGRAPHY*
Country with such cities as
Roseau, Calibishie, & Marigot
Dominica
45.5%
Dominican Republic
26%
Denmark
6%
Djibouti
20.1%
*ENTERTAINMENT*
Celebrity who said
“Wrinkles are hereditary. Parents get them from their children.”
Doris Day
38.1%
Danny DeVito
14.3%
Daniel Defoe
2.7%
Dolly Parton
40.4%
*ENTERTAINMENT*
American parody musical which opened on Broadway in 2006:
The ______ Chaperone
Drowsy
25.6%
Delinquent
35.5%
Doolally
2.8%
Dysfunctional
31.4%

You're not logged in!

Compare scores with friends on all Sporcle quizzes.
Join for Free
OR
Log In

You Might Also Like...

Show Comments

Extras

Top Quizzes Today


Score Distribution

Your Account Isn't Verified!

In order to create a playlist on Sporcle, you need to verify the email address you used during registration. Go to your Sporcle Settings to finish the process.

Report this User

Report this user for behavior that violates our Community Guidelines.

Details: